00877nam a2200205Ia 4500003000400000005001700004008004100021040002100062041000800083082002100091100003100112245012000143260004800263300003500311505022700346546002200573650001500595700003300610700002800643OSt20200611122451.0191128s1940 us fr 000 0 eng d aCO-JMCRcCO-JMCR0 aeng04a330 /bM821m2231 aMoore, Justin H., eautor 10aModern economics : bits principles and practices / cJustin H. Moore, William H. Steiner y Herbert Arkin [y otros] aNew York : bThomas Nelson and Sons, c1940 axiii, 486 páginas ; c21 cm.0 aThe nature and scope of economics -- Framework of economic life -- Organization of business enterprises -- Production -- Marketing -- The marketing system -- Consumption -- The consumer -- The value problem -- Deman forces aTexto en inglés14aEconomía1 aSteiner, William H., eautor1 aArkin, Herbert, eautor